Planes Close Ups: Commercial jets - Statistics

General Stats
  • This quiz has been taken 540 times
  • The average score is 10 of 12
Answer Stats
Picture Answer % Correct
737
96%
A380
94%
747
93%
A320
91%
A350
90%
Beluga
90%
787
87%
A330
87%
777
83%
757
79%
A340
75%
Dreamlifter
74%
No matching quizzes found
Score Distribution
Percent of People with Each Score
Percentile by Number Answered
Your Score History
You have not taken this quiz